Communication between Cultures (Record no. 16880)

MARC details
000 -LEADER
fixed length control field 00441nam a22001577a 4500
008 - FIXED-LENGTH DATA ELEMENTS--GENERAL INFORMATION
fixed length control field 180627b xxu||||| |||| 00| 0 eng d
020 ## - INTERNATIONAL STANDARD BOOK NUMBER
International Standard Book Number 0495095389
100 ## - MAIN ENTRY--PERSONAL NAME
Personal name Samovar, Larry A.
245 ## - TITLE STATEMENT
Title Communication between Cultures
Statement of responsibility, etc. Larry A. Samovar
250 ## - EDITION STATEMENT
Edition statement 6th ed.
260 ## - PUBLICATION, DISTRIBUTION, ETC. (IMPRINT)
Place of publication, distribution, etc. Australia
Name of publisher, distributor, etc. Thomson
Date of publication, distribution, etc. 2007
300 ## - PHYSICAL DESCRIPTION
Extent xv, 415p.
650 ## - SUBJECT ADDED ENTRY--TOPICAL TERM
Source of heading or term Intercultural Communication
650 ## - SUBJECT ADDED ENTRY--TOPICAL TERM
Source of heading or term communication and culture
942 ## - ADDED ENTRY ELEMENTS (KOHA)
Source of classification or shelving scheme Library of Congress Classification
Koha item type General Collection
Holdings
Withdrawn status Lost status Source of classification or shelving scheme Not for loan Home library Current library Date acquired Cost, normal purchase price Total Checkouts Full call number Barcode Date last seen Date last checked out Price effective from Koha item type Copy number
    Library of Congress Classification   Kabarak, Main Campus Kabarak, Main Campus 27/06/2018 4900.00 2 P94.6 .S26 2007 c.1 025152 11/08/2023 11/08/2023 27/06/2018 General Collection  
    Library of Congress Classification   Kabarak, Main Campus Kabarak, Main Campus 27/06/2018 4900.00   P94.6 .S26 2007 c.2 025153 27/06/2018   27/06/2018 General Collection  
    Library of Congress Classification   Kabarak, Main Campus Kabarak, Main Campus 24/09/2018 4900.00 3 P94.6 .S26 2007 c. 3 025154 30/06/2023 13/06/2023 27/06/2018 General Collection c. 3
    Library of Congress Classification   Kabarak, Main Campus Kabarak, Main Campus 24/09/2018 4900.00   P94.6 .S26 2007 c. 4 022169 24/09/2018   27/06/2018 General Collection c. 4
Designed with assistance from East African Informatics Ltd